LEADER 01233nam a2200289 i 4500 001 991001435809707536 005 20020502192954.0 008 931118s1992 it ||| | ita 020 $a8804358211 035 $ab11512453-39ule_inst 035 $aPRUMB60929$9ExL 040 $aDip. di SSSC - Sociologia$bita 100 1 $aGiommi, Roberta$0482175 245 10$aProgramma di educazione sessuale :$btre anni, sei anni. Maschi e femmine :$bil mio corpo , io e il mondo, come sono nato /$cRoberta Giommi Marcello Perrotta ; presentato da Willy Pasini ; illustrazioni di Giulia Orecchia ; vignette di Alberto Rebori 260 $aMilano :$bMondadori,$c1992 300 $a40 p. :$bill. ;$c31 cm. 650 4$aEducazione sessuale 700 1 $aPerrotta, Marcello$eauthor$4http://id.loc.gov/vocabulary/relators/aut$0744954 700 1 $aOrecchia, Giulia 700 1 $aPasini, Willy 700 1 $aRebori, Alberto 907 $a.b11512453$b01-07-21$c01-07-02 912 $a991001435809707536 945 $aLE021 NID37$g1$i2021000252372$lle021$o-$pE0.00$q-$rl$s- $t0$u1$v1$w1$x0$y.i1170732x$z01-07-02 996 $aProgramma di educazione sessuale$91484925 997 $aUNISALENTO 998 $ale021$b01-01-93$cm$da $e-$fita$git $h0$i1 LEADER 03291nam 22007694a 450 001 9910783765003321 005 20230617042022.0 010 $a0-8147-9508-0 010 $a1-4294-1498-7 024 7 $a10.18574/nyu/9780814795088 035 $a(CKB)1000000000245314 035 $a(EBL)866126 035 $a(OCoLC)779828429 035 $a(SSID)ssj0000238302 035 $a(PQKBManifestationID)11208324 035 $a(PQKBTitleCode)TC0000238302 035 $a(PQKBWorkID)10222170 035 $a(PQKB)10059136 035 $a(MiAaPQ)EBC866126 035 $a(OCoLC)76898851 035 $a(MdBmJHUP)muse10195 035 $a(Au-PeEL)EBL866126 035 $a(CaPaEBR)ebr10137143 035 $a(DE-B1597)547189 035 $a(DE-B1597)9780814795088 035 $a(EXLCZ)991000000000245314 100 $a20040701d2005 uy 0 101 0 $aeng 135 $aur|n|---||||| 181 $ctxt 182 $cc 183 $acr 200 10$aRighteous content$b[electronic resource] $eBlack women's perspectives of church and faith /$fDaphne C. Wiggins 210 $aNew York $cNew York University Press$dc2005 215 $a1 online resource (240 p.) 225 1 $aReligion, Race, & Ethnicity 300 $aDescription based upon print version of record. 311 $a0-8147-9409-2 311 $a0-8147-9391-6 320 $aIncludes bibliographical references (p. 219-225) and index. 327 $aIntroduction: hearing from the sisters -- We always went to church : women and religious socialization -- Where somebody knows my name : the culture of the Black church -- The fuel that keeps me going : practical and spiritual assistance -- We went to the church for everything : the mission of the church -- If it weren't for the women : female labor and leadership in the church -- We're a part of the same culture : racial awareness and religion -- The conclusion of the matter. 330 $aEnter most African American congregations and you are likely to see the century-old pattern of a predominantly female audience led by a male pastor. How do we explain the dedication of African American women to the church, particularly when the church's regard for women has been questioned?. Following in the footsteps of Evelyn Brooks Higginbotham's pathbreaking work, Righteous Discontent , Daphne Wiggins takes a contemporary look at the religiosity of black women. Her ethnographic work explores what is behind black women's intense loyalty to the church, bringing to the fore the voices of the 410 0$aReligion, Race, & Ethnicity 606 $aAfrican American women$xReligion 606 $aAfrican American women$xReligious life 610 $aPaints. 610 $ablack. 610 $alike. 610 $alived. 610 $alives. 610 $aportrait. 610 $areligion. 610 $atoday. 610 $avivid. 610 $awhat. 610 $awomens. 615 0$aAfrican American women$xReligion. 615 0$aAfrican American women$xReligious life. 676 $a277.3/0082 700 $aWiggins$b Daphne C$01579650 801 0$bMiAaPQ 801 1$bMiAaPQ 801 2$bMiAaPQ 906 $aBOOK 912 $a9910783765003321 996 $aRighteous content$93859880 997 $aUNINA